Instituciones del Derecho Civil de Castilla. Van añadidas al fin de cada título las diferencias que de este Derecho se observan en Aragón por disposición de sus Fueros.

Na minha lista:
Detalhes bibliográficos
Autor principal: Jordán de Asso y del Río, Ignacio (autor)
Outros Autores: Manuel y Rodríguez, Miguél de (autor)
Formato: Livro
Idioma:espanhol
Publicado em: Madrid, España: Imprenta de Ramón Ruiz, 1792.
Valladolid, España: Lex Nova, 1984.
Edição:Edición quinta.
Assuntos:
Tags: Adicionar Tag
Sem tags, seja o primeiro a adicionar uma tag!

MARC

LEADER 00000nam a2200000 a 4500
001 UCP3500
003 CL-VaPUC
005 20220822114340.0
008 990625e19840000SP |||||||||||||||||spa|d
999 |c 281813  |d 281811 
020 |a 84-85012-12-7 
040 |c Pontificia Universidad Católica de Valparaíso 
082 0 4 |a 346.01 JOR 1984   |2 21 
100 |a Jordán de Asso y del Río, Ignacio  |e autor  |9 430840 
245 1 0 |a Instituciones del Derecho Civil de Castilla.  |b Van añadidas al fin de cada título las diferencias que de este Derecho se observan en Aragón por disposición de sus Fueros. 
250 |a Edición quinta.  |b Corregida notablemente, y aumentada la parte histórica que comprende la introducción. 
260 |a Madrid, España:  |b Imprenta de Ramón Ruiz,   |c 1792. 
260 |a Valladolid, España:  |b Lex Nova,  |c 1984. 
300 |a CXXVI, 344 páginas.  
500 |a c.2 Donación Familia Prof. Alejandro Guzmán Brito. 
583 |a last modification  |c 19990625 00:00:00  |k Rodrigo Vera 
650 0 |a Personas  |9 255751 
650 0 |a Herencia  |9 256325  |z España 
650 0 |a Sucesiones   |9 393435 
650 0 |a Hipoteca  |9 255780 
650 0 |a Contratos  |9 255153  |z España 
700 0 |a Manuel y Rodríguez, Miguél de  |e autor  |9 430841 
942 |c BK  |2 ddc  |n 0 
945 |d 19990625 00:00:00  |a vberengu 
952 |0 0  |1 0  |4 0  |6 346_010000000000000_JOR_1984  |7 0  |8 DER_HIS  |9 322808  |a BIBDER  |b BIBDER  |d 2019-11-20  |i 3490181  |o 346.01 JOR 1984  |p 3490181  |r 2023-01-25  |w 2019-11-20  |x Ubicación 4to Piso  |y BK_X  |z Estos recursos deben solicitarse con anticipación  |k DER